Palabra de mujer : historia oral de las directoras de cine mexicanas, 1988-1994 /

Conjunto de entrevistas con cinco directoras mexicanas de cine que realizaron su primer largometraje durante el período 1988-1994: Busi Cortés, Eva López Sánchez, María Novaro, Dana Rotberg y Guita Schyfter. Junto con Sabina Berman, Isabelle Tardán y Leticia Venzor, las cinco entrevistadas formaron...

Cijeli opis

Spremljeno u:
Bibliografski detalji
Glavni autor: Arredondo, Isabel (ed.)
Format: Knjiga
Jezik:španjolski
Izdano: Aguascalientes, México : Madrid, España : Frankfurt, Alemania : Universidad Autónoma de Aguascalientes ; Editorial Iberoamericana ; Vervuert, 2001, c2001
Teme:
Oznake: Dodaj oznaku
Bez oznaka, Budi prvi tko označuje ovaj zapis!

MARC

LEADER 00000nam^a2200000^a^4500
001 000148750
005 20250521000000.0
009 20260310100035.076
020 |a 968-5073-22-8 
020 |a 84-95107-99-6 
020 |a 3-89354-132-2 
037 |a Acervo ITESO - Biblioteca 
041 |a ESP 
082 |a 302. 235420972  |b ARR 
100 |a Arredondo, Isabel  |e (ed.) 
245 1 0 |a Palabra de mujer :  |b historia oral de las directoras de cine mexicanas, 1988-1994 /  |c Ed., entrevista e introd. de I. Arredondo. 
264 4 |a Aguascalientes, México :  |b Universidad Autónoma de Aguascalientes ;  |a Madrid, España :  |b Editorial Iberoamericana ;  |a Frankfurt, Alemania :  |b Vervuert,  |c 2001, c2001 
300 |a 221 p. 
336 |a texto  |b txt  |2 rdacontenido 
337 |a sin mediación  |b n  |2 rdamedio 
338 |a volumen  |b nc  |2 rdasoporte 
520 |a Conjunto de entrevistas con cinco directoras mexicanas de cine que realizaron su primer largometraje durante el período 1988-1994: Busi Cortés, Eva López Sánchez, María Novaro, Dana Rotberg y Guita Schyfter. Junto con Sabina Berman, Isabelle Tardán y Leticia Venzor, las cinco entrevistadas formaron parte del suceso, inédito en la historia del cine mexicano, que supuso el ingreso de ocho mujeres directoras a la producción industrial en apenas seis años. Cada directora reflexiona sobre temas como el tratamiento de los personajes femeninos que protagonizan sus películas o la forma como emplean el lenguaje cinematográfico para la expresión de las emociones; los problemas afrontados antes de un rodaje o el papel que desempeña el factor género en un medio profesional controlado por hombres. Los testimonios de las directoras son complementados con un par de entrevistas con el dramaturgo Hugo Hiriart, frecuente colaborador de Schyfter y cuya obra teatral Intimidad fue la base del primer largometraje de Rotberg, y con el cineasta Alfredo Joskowicz, quien aborda la historia de la industria fílmica mexicana. 
649 |a XX 
650 |a Cineastas Mexicanos -  |x Entrevistas 
650 |a Mujeres Mexicanas -  |x Entrevistas 
650 |a Escritores Mexicanos -  |x Entrevistas 
650 |a Historia Oral 
650 |a Cine de Mujeres -  |z México -  |x Historia y Crítica -  |x Tema Principal 
650 |a Cine Mexicano -  |x Historia y Crítica 
650 |a Cine Mexicano -  |y 1980-1989 
650 |a Cine Mexicano -  |y 1990-1999 
650 |a Cine Mexicano -  |y Siglo XX 
650 |a Literatura y Cine -  |z México -  |x Historia y Crítica 
650 |a Teatro Mexicano -  |x Adaptaciones para Cine -  |x Historia y Crítica 
650 |a Literatura Mexicana -  |x Adaptaciones para Cine -  |x Historia y Crítica 
650 |a Cortés, Busi -  |x Tema Principal 
650 |a Hiriart, Hugo 
650 |a Joskowicz, Alfredo 
650 |a López Sánchez, Eva -  |x Tema Principal 
650 |a Novaro, María -  |x Tema Principal 
650 |a Rotberg, Dana -  |x Tema Principal 
910 |a Fondo General 
920 |a Impresos - Libros 
930 |a Colección General 
905 |a 101 
901 |a 0500078244  |b IT1  |c ACC  |u 20250521 
902 |a https://opac.biblio.iteso.mx/vufind/Record/000148750